Normal view
MARC view
Entry Personal Name
001 - CONTROL NUMBER
- control field: 37109
003 - CONTROL NUMBER IDENTIFIER
- control field: ARRUPE
005 - DATE AND TIME OF LATEST TRANSACTION
- control field: 20171016121908.0
008 - FIXED-LENGTH DATA ELEMENTS
- fixed length control field: 171016|| aca||aabn | a|a d
040 ## - CATALOGING SOURCE
- Original cataloging agency: ARRUPE
- Transcribing agency: ARRUPE
100 ## - HEADING--PERSONAL NAME
- Personal name: Pegis, Anton C
670 ## - SOURCE DATA FOUND
- Source citation: Work cat.: (ARRUPE)95118: Aquinas, Thomas Saint 37106, On the truth of the Catholic faith, 1955